000 00543nam a2200169 a 4500
001 BRCA_1050
005 20190320203246.0
008 100408s2007----fi-a---###---#000-0#eng-#
020 _a9789519823454
050 4 _aNK8258
_b.D63 2007
245 1 0 _aThe DNA of a Design, 1967-2007
_b40 years.
260 _aHelsinki, Finlandia
_bFiskars
_c2007
300 _a24 p.
_bil. a color, fotografías
_c20 cm.
650 1 4 _aHierro
_xDiseño industrial
_zFinlandia
_93463
651 4 _aFiskars (Finlandia)
_xIndustria del hierro - Historia
_93464
942 _2lcc
_cB
999 _c929
_d929